000 01145cam a2200325 4500
008 090401t1997 xxu||||| |||| 00| 0 eng d
020 _a011753370X
035 _a(Sirsi) u9196
041 _aeng
050 _a711.558
110 _aUnited Kingdom
_bDepartment of the Environment
_9982
245 _aPlanning Policy Guidance: the countryside - environmental quality and economic and social development.
250 _aRevised ed.
260 _aLondon
_bStationery Office
_c1997
300 _a41p. : ill.,maps ; 30cm.
350 _a10
490 _aPPG
_v7
520 _aA revised edition, which sets out the Government`s general policy, economic and environmental trends followed by the planning framework and policies for the countryside, advice on different types of development and guidance for areas with special designations.
650 _aDESIGNATED AREAS
650 _aDEVELOPMENT
650 _aFARM BUILDINGS
650 _aFARMLAND
650 _aFORESTRY
650 _aPPG7
650 _aREDUNDANT BUILDINGS
650 _aRURAL AREAS
690 _aPLANNING LAW AND PRACTICE
942 _n0
948 _c04/03/1997
999 _c86616
_d86616